000
00221nam a22000857a 4500
008
170116b xxu||||| |||| 00| 0 eng d
100
_9
2438
_a
Shahady.Etal.
245
_a
Sport Medicine for Coaches
260
_a
New Delhi
_b
FP
_c
2009
999
_c
5481
_d
5481